Water Resources and the Sustainable Canadian Way

Predstavenie rôznych meraní na zlepšenie kvality vodných tokov Kanady a tiež kvality vody. Pobrežie Kanady je najdlhšie na svete s dĺžkou viac ako 200 000 km. Väčšina jej provincií má pobrežie.

Salvato in:
Dettagli Bibliografici
Autore principale: Dziura, Boris, 1976-
Natura: Capitolo di libro
Lingua:inglese
Soggetti:
Tags: Aggiungi Tag
Nessun Tag, puoi essere il primo ad aggiungerne!!

MARC

LEADER 00000naa$a2200000$$$4500
001 0267346
005 20240502083801.9
041 0 |a eng 
044 |a UA 
245 1 0 |a Water Resources and the Sustainable Canadian Way  |c Boris Dziura 
520 |a Predstavenie rôznych meraní na zlepšenie kvality vodných tokov Kanady a tiež kvality vody. Pobrežie Kanady je najdlhšie na svete s dĺžkou viac ako 200 000 km. Väčšina jej provincií má pobrežie. 
610 2 0 |a Kanada 
610 2 0 |a zdroje vodné 
610 2 0 |a ekonomika modrá 
610 2 0 |a environmentalistika 
100 1 |a Dziura, Boris, 1976-